Diagnosis of the times vs description of society/

Guardat en:
Dades bibliogràfiques
Autor principal: Geer Hammershøj, Lars
Format: Llibre
Idioma:English
Etiquetes: Afegir etiqueta
Sense etiquetes, Sigues el primer a etiquetar aquest registre!

MARC

LEADER 00000nam a22000007a 4500
003 cru CIDCACS/IIS
005 20171130090323.0
007 ta
008 171130s2015 -uk|||p|r||||||0| ||eng d
999 |c 40675  |d 40675 
040 |c cru CIDCACS/IIS 
100 1 |9 6155  |a Geer Hammershøj, Lars 
245 1 |a Diagnosis of the times vs description of society/  |c Lars Geer Hammershøj 
300 |a páginas 140-154 
773 0 |0 18701  |9 1658  |d Los Angeles: SAGE Publications  |o 18369  |t Current Sociology /  |x 00113921 
942 |2 ddc  |c PP